[Event "Open Bicentenario Móstoles 1808"]
[Site "Móstoles ESP"]
[Date "2008.05.30"]
[Round "9.19"]
[White "Vega Gomez, Francisco Borja"]
[Black "Avendaño Mateos, Jose"]
[Result "1-0"]
[WhiteElo "2174"]
[BlackElo "1894"]
[PlyCount "77"]
[EventDate "2008.05.20"]
[EventType "swiss"]
[EventRounds "1"]
[EventCountry "ESP"]
[Source "lmi"]
[SourceDate "2008.05.20"]

1. Nf3 d5 2. d4 Nf6 3. c4 c6 4. g3 Ne4 5. Bg2 e6 6. O-O Bd6 7. Nfd2 f5 8. Nxe4
dxe4 9. f3 exf3 10. exf3 O-O 11. f4 c5 12. Be3 Qb6 13. Qd2 cxd4 14. Qxd4 Qxd4
15. Bxd4 Nc6 16. Bxc6 bxc6 17. Nc3 Ba6 18. b3 Rfd8 19. Rad1 Rd7 20. Na4 Rad8
21. Bf2 Bc8 22. Rfe1 Kf7 23. Kf1 Bb4 24. Rxd7+ Rxd7 25. Re2 Be7 26. Bc5 Bd8 27.
Kf2 h6 28. Ke3 g5 29. Bd4 Be7 30. Rd2 Bd6 31. Be5 Bxe5 32. Rxd7+ Bxd7 33. fxe5
Kg6 34. Nc5 Bc8 35. b4 h5 36. a4 h4 37. gxh4 g4 38. Kf4 Kh5 39. Kg3 1-0

[Event "Open Bicentenario Móstoles 1808"]
[Site "Móstoles ESP"]
[Date "2008.05.30"]
[Round "9.21"]
[White "Beltran de Heredia Eguiazabal, Miguel Angel"]
[Black "Vukotic Jovsic, Dragan"]
[Result "0-1"]
[WhiteElo "1957"]
[BlackElo "2097"]
[PlyCount "58"]
[EventDate "2008.05.20"]
[EventType "swiss"]
[EventRounds "1"]
[EventCountry "ESP"]
[Source "lmi"]
[SourceDate "2008.05.20"]

1. e4 e6 2. d4 d5 3. Nc3 Bb4 4. e5 c5 5. a3 Bxc3+ 6. bxc3 Ne7 7. Qg4 Qc7 8.
Qxg7 Rg8 9. Qxh7 cxd4 10. Ne2 Nbc6 11. f4 dxc3 12. Qd3 Bd7 13. g3 O-O-O 14. Bg2
d4 15. O-O Nf5 16. Rb1 Na5 17. Be4 Bc6 18. Bxf5 exf5 19. Qxf5+ Bd7 20. Qe4 Bh3
21. Rf2 Nc6 22. a4 Qd7 23. e6 Bxe6 24. f5 Bc4 25. Nxc3 Rge8 26. Qf4 Re1+ 27.
Kg2 dxc3 28. Qxc4 Qd1 29. Rxb7 Rg1+ 0-1

[Event "Open Bicentenario Móstoles 1808"]
[Site "Móstoles ESP"]
[Date "2008.05.30"]
[Round "9.22"]
[White "Keller, August"]
[Black "Garcia Diaz, Victor Manuel"]
[Result "0-1"]
[WhiteElo "1866"]
[BlackElo "2064"]
[PlyCount "44"]
[EventDate "2008.05.20"]
[EventType "swiss"]
[EventRounds "1"]
[EventCountry "ESP"]
[Source "lmi"]
[SourceDate "2008.05.20"]

1. e4 c5 2. Nf3 Nc6 3. d4 cxd4 4. Nxd4 Nf6 5. Nc3 e5 6. Ndb5 d6 7. g3 a6 8. Na3
b5 9. Nd5 Nxe4 10. Bg2 f5 11. Be3 Rb8 12. g4 Ne7 13. gxf5 Bxf5 14. O-O Qd7 15.
c4 b4 16. Nc2 Nxd5 17. Qxd5 Nf6 18. Qd2 a5 19. b3 Be7 20. f4 Ne4 21. Bxe4 Bxe4
22. fxe5 Qg4+ 0-1

[Event "Open Bicentenario Móstoles 1808"]
[Site "Móstoles ESP"]
[Date "2008.05.30"]
[Round "9.23"]
[White "Montero Garcia, Francisco Javier"]
[Black "Perez Cristobal, Alberto"]
[Result "1-0"]
[WhiteElo "1919"]
[BlackElo "1863"]
[PlyCount "67"]
[EventDate "2008.05.20"]
[EventType "swiss"]
[EventRounds "1"]
[EventCountry "ESP"]
[Source "lmi"]
[SourceDate "2008.05.20"]

1. e4 e6 2. d3 d5 3. Nd2 Nc6 4. Ngf3 d4 5. g3 e5 6. Bg2 Bg4 7. O-O Qd7 8. Nc4
f6 9. a4 h5 10. h4 Nh6 11. Bd2 Nf7 12. Qe1 Be7 13. Nh2 Bh3 14. f4 Bxg2 15. Kxg2
g5 16. fxg5 fxg5 17. Rxf7 Kxf7 18. Nf3 Qe6 19. Bxg5 Raf8 20. c3 Ke8 21. Bxe7
Kxe7 22. cxd4 exd4 23. Rc1 Kd8 24. b4 Qf6 25. Ng5 Ne5 26. Nxe5 Qxe5 27. Rc5 Qe7
28. Rd5+ Kc8 29. Rxd4 Rf6 30. e5 Rg8 31. e6 Rd8 32. Qe3 Rf5 33. Rxd8+ Kxd8 34.
Qd4+ 1-0

[Event "Open Bicentenario Móstoles 1808"]
[Site "Móstoles ESP"]
[Date "2008.05.30"]
[Round "9.25"]
[White "Ramos Garcia, Raul"]
[Black "Aguado Rodriguez, Guillermo"]
[Result "1/2-1/2"]
[WhiteElo "1842"]
[BlackElo "1886"]
[PlyCount "53"]
[EventDate "2008.05.20"]
[EventType "swiss"]
[EventRounds "1"]
[EventCountry "ESP"]
[Source "lmi"]
[SourceDate "2008.05.20"]

1. d4 Nf6 2. c4 g6 3. Nc3 d5 4. e3 Bg7 5. Nf3 O-O 6. h3 Bf5 7. cxd5 Nxd5 8. Bd3
Nxc3 9. bxc3 Bxd3 10. Qxd3 c5 11. O-O Nc6 12. Qb5 cxd4 13. cxd4 Qc7 14. Rb1 b6
15. Ba3 Qb7 16. Rfc1 Rfc8 17. Nd2 Rab8 18. Nb3 a6 19. Qe2 b5 20. Nc5 Qa7 21.
Bb2 Na5 22. a4 Nc4 23. axb5 Nxb2 24. Rxb2 Rxb5 25. Rxb5 axb5 26. Qxb5 e5 27.
Rd1 1/2-1/2

[Event "Open Bicentenario Móstoles 1808"]
[Site "Móstoles ESP"]
[Date "2008.05.30"]
[Round "9.26"]
[White "Lopez Heras, Arturo"]
[Black "Prieto Velasco, Rafael"]
[Result "1-0"]
[WhiteElo "2031"]
[BlackElo "1718"]
[PlyCount "47"]
[EventDate "2008.05.20"]
[EventType "swiss"]
[EventRounds "1"]
[EventCountry "ESP"]
[Source "lmi"]
[SourceDate "2008.05.20"]

1. e4 e6 2. d4 d5 3. e5 c5 4. c3 Nc6 5. Nf3 Bd7 6. a3 Nge7 7. Be2 cxd4 8. cxd4
Nf5 9. b4 b5 10. Nc3 Qb6 11. Be3 Nxe3 12. fxe3 Rc8 13. Rc1 a5 14. O-O axb4 15.
axb4 Nxb4 16. Ng5 f6 17. exf6 gxf6 18. Rxf6 Rxc3 19. Rxc3 Nc6 20. Bh5+ Ke7 21.
Qf3 Nd8 22. Nf7 Rg8 23. Nxd8 Qxd8 24. Rf7+ 1-0

[Event "Open Bicentenario Móstoles 1808"]
[Site "Móstoles ESP"]
[Date "2008.05.30"]
[Round "9.27"]
[White "Galan Aguado, Fernando"]
[Black "Gonzalez Hernandez, Juan Francisco"]
[Result "0-1"]
[WhiteElo "1926"]
[BlackElo "1820"]
[PlyCount "100"]
[EventDate "2008.05.20"]
[EventType "swiss"]
[EventRounds "1"]
[EventCountry "ESP"]
[Source "lmi"]
[SourceDate "2008.05.20"]

1. d4 d5 2. Nf3 Nf6 3. e3 g6 4. Be2 Bg7 5. h3 O-O 6. O-O Nbd7 7. c4 b6 8. cxd5
Nxd5 9. Nc3 Bb7 10. Qb3 Nxc3 11. bxc3 c5 12. a4 Qc7 13. Rb1 Be4 14. Rb2 Rac8
15. Nd2 Ba8 16. Rb1 Rfd8 17. Ba3 e6 18. Rfc1 Nf6 19. Qd1 Ne4 20. Nf3 c4 21. Qf1
Bd5 22. Rb2 Qc6 23. Qd1 Nd6 24. Ne1 Nb7 25. Bb4 Na5 26. Bxa5 bxa5 27. Rcb1 Qc7
28. f3 f5 29. Rb5 Bf8 30. Qc2 Rb8 31. e4 Rxb5 32. Rxb5 Bc6 33. Rb1 Be8 34. Qa2
Rc8 35. Nc2 Qc6 36. Ne3 Qxa4 37. Qxa4 Bxa4 38. Bxc4 Kf7 39. Rb7+ Be7 40. exf5
gxf5 41. d5 Kf6 42. dxe6 Bc5 43. Rf7+ Kg6 44. Bd3 Bxe3+ 45. Kh2 Rc5 46. g4 Bd1
47. gxf5+ Kg5 48. Rxa7 Rxc3 49. Bf1 Rc1 50. Bg2 Bf4+ 0-1

[Event "Open Bicentenario Móstoles 1808"]
[Site "Móstoles ESP"]
[Date "2008.05.30"]
[Round "9.29"]
[White "De los Rios Camacho, Juan Antonio"]
[Black "Sierra Bermejo, Gregorio"]
[Result "1-0"]
[WhiteElo "1819"]
[BlackElo "1770"]
[PlyCount "127"]
[EventDate "2008.05.20"]
[EventType "swiss"]
[EventRounds "1"]
[EventCountry "ESP"]
[Source "lmi"]
[SourceDate "2008.05.20"]

1. e4 e5 2. Nf3 Nf6 3. Nxe5 d6 4. Nf3 Nxe4 5. d4 d5 6. Bd3 Bd6 7. O-O O-O 8. c4
c6 9. Nc3 Nxc3 10. bxc3 Bg4 11. c5 Bc7 12. Bd2 Nd7 13. Re1 Nf6 14. Bg5 Re8 15.
Rxe8+ Qxe8 16. Bxf6 gxf6 17. Qc2 h6 18. Nh4 Bf4 19. h3 Bh5 20. g4 Bg6 21. Nxg6
fxg6 22. Bxg6 Qf8 23. Re1 Qg7 24. h4 Rf8 25. Re2 Qd7 26. Bf5 Qg7 27. Be6+ Kh8
28. Qf5 Bc7 29. Bd7 Ba5 30. Re3 Rd8 31. Be8 Bxc3 32. Bxc6 bxc6 33. Rxc3 Re8 34.
Re3 Rxe3 35. fxe3 Qe7 36. Kf2 Kg7 37. h5 Qf7 38. Qc8 f5 39. Kg3 fxg4 40. Qxg4+
Kh7 41. e4 dxe4 42. Qxe4+ Kh8 43. Qe5+ Kg8 44. Kg4 Qd7+ 45. Kf4 Qf7+ 46. Ke4
Qxa2 47. Qe8+ Kg7 48. Qg6+ Kf8 49. Qxh6+ Ke7 50. Qd6+ Kf7 51. Qd7+ Kf8 52. Qf5+
Ke7 53. Qh7+ Kf6 54. Qg6+ Ke7 55. Qg7+ Kd8 56. Qf8+ Kd7 57. Qd6+ Ke8 58. Qxc6+
Kf8 59. Qd6+ Ke8 60. Qb8+ Kf7 61. Qc7+ Kf6 62. Qf4+ Ke7 63. Qe5+ Kf7 64. Qd5+
1-0

[Event "Open Bicentenario Móstoles 1808"]
[Site "Móstoles ESP"]
[Date "2008.05.30"]
[Round "9.30"]
[White "Cortijo Manso, Luis"]
[Black "Camarero Izquierdo, Juan Carlos"]
[Result "0-1"]
[WhiteElo "1732"]
[BlackElo "1973"]
[PlyCount "131"]
[EventDate "2008.05.20"]
[EventType "swiss"]
[EventRounds "1"]
[EventCountry "ESP"]
[Source "lmi"]
[SourceDate "2008.05.20"]

1. e4 c5 2. Nf3 d6 3. d4 cxd4 4. Nxd4 Nf6 5. Nc3 a6 6. f3 b5 7. a3 Bb7 8. Bd3
Nbd7 9. Be3 Rc8 10. Qd2 e6 11. O-O Ne5 12. b3 Qc7 13. Nde2 d5 14. exd5 Nxd5 15.
Nxd5 Bxd5 16. Nf4 Bb7 17. Kh1 Bd6 18. Be4 Bxe4 19. fxe4 O-O 20. Rfc1 Ng4 21. g3
Rfd8 22. Qe2 h5 23. Nxh5 Nxe3 24. Qxe3 Bc5 25. Qg5 Bd4 26. Rab1 Qc3 27. Qg4 Be3
28. Rf1 Bd4 29. Rbc1 Qb2 30. Qf3 Rd7 31. Qe2 Qxa3 32. Qg4 Rdc7 33. Qg5 Qb2 34.
Qf4 Be5 35. Qf3 a5 36. c4 a4 37. bxa4 bxa4 38. Nf4 Qb7 39. Nd3 Bd4 40. Rb1 Qa7
41. e5 a3 42. Nb4 Rxc4 43. Na2 Rc2 44. Rb7 Qxb7 45. Qxb7 R2c7 46. Qf3 Bb2 47.
h4 Rd8 48. Rd1 Rb8 49. h5 Bxe5 50. Qxa3 Rc2 51. Nb4 Rc3 52. Qa4 Rxg3 53. Nc6
Rh3+ 54. Kg1 Rg3+ 55. Kf1 Rf3+ 56. Ke2 Rf4 57. Qc2 Rh4 58. Rf1 Rb2 59. Qxb2
Bxb2 60. Kd2 Rxh5 61. Ne7+ Kf8 62. Ng6+ Ke8 63. Nf4 Rf5 64. Ke3 g5 65. Rf2
gxf4+ 66. Rxf4 0-1

[Event "Open Bicentenario Móstoles 1808"]
[Site "Móstoles ESP"]
[Date "2008.05.30"]
[Round "9.31"]
[White "Benitez Cadenas, Luis Miguel"]
[Black "Gutierrez Garcia, Alberto"]
[Result "0-1"]
[WhiteElo "1820"]
[BlackElo "1803"]
[PlyCount "48"]
[EventDate "2008.05.20"]
[EventType "swiss"]
[EventRounds "1"]
[EventCountry "ESP"]
[Source "lmi"]
[SourceDate "2008.05.20"]

1. d4 Nf6 2. c4 b6 3. Nf3 e6 4. g3 Bb7 5. Bg2 c5 6. e3 cxd4 7. exd4 Bb4+ 8. Bd2
Qe7 9. O-O Bxd2 10. Qxd2 O-O 11. Nc3 d6 12. Rfe1 Nbd7 13. Qf4 a6 14. Bf1 Rac8
15. Na4 d5 16. b3 dxc4 17. bxc4 Qb4 18. Nc5 bxc5 19. Reb1 Qc3 20. Ne5 Ba8 21.
Nxd7 Nxd7 22. d5 exd5 23. cxd5 Bxd5 24. Rd1 Nf6 0-1